QCM Guerres mondiales + Guerre Froide - Statistiques

Statistiques générales
  • Ce quiz a été pris 96 fois
  • Le résultat moyen est 16 sur 20
Statistiques - réponses
Question Réponse % Correct
Où se cachaient les poilus avant, pendant et après les combats pour survivre ? Dans les tranchées
100%
En France, après l'effondrement de la IIIe République, quel régime se met en place en 1940 avec Philippe Pétain ? Le régime de Vichy
99%
En quelle année a débuté la Première Guerre mondiale ? 1914
98%
La Guerre froide a opposé deux grands, les États-Unis et ... L'URSS
98%
Quand se termine précisément la Première Guerre mondiale ? Le 11 novembre 1918
95%
Après quel événement les États-Unis décident d'entrer en guerre ? L'opération Pearl Harbor
95%
Quelle bataille a opposé l'Allemagne et l'URSS ? La victoire de cette dernière marquait un tournant dans la guerre. Bataille de Stalingrad
94%
Quel événement est souvent considéré comme le déclencheur de cette guerre ? L'attentat à Sarajevo
93%
Quel pays ne faisait PAS partie des puissances de l'Axe ? Le Royaume-Uni
89%
Quel pays a envahi l'URSS en 1968, appelé le printemps de Prague ? Tchécoslovaquie
85%
Comment appelle-t-on la période au début de la 2nde G.M. marquée par la quasi absence de batailles (1939-1940) ? La drôle de guerre
83%
Quand débute précisément la Seconde Guerre mondiale ? Le 1er sepembre 1939
82%
Comment appelle-t-on l'alliance des pays comme le Royaume-Uni, la France et l'Empire russe ? La Triple Entente
78%
En quelle année a eu lieu la crise des missiles à Cuba ? 1962
73%
En quelle année l'URSS s'effondre ? 1991
73%
Dans quel pays s'est déroulée la conference de Bandung en 1955 ? Indonésie
62%
Quel événement a marqué le 1er affrontement direct entre superpuissances par procuration ? La Guerre de Corée
56%
Qui était le dirigeant soviétique en 1970 ? Leonid Brejnev
46%
Comment s'appelait la bombe lancé par les États-Unis sur Nagasaki le 9 juin 1945 ? Fat Man
33%
Quand se termine précisément la Seconde Guerre mondiale ? Le 2 septembre 1945
32%
Aucun quiz correspondant
Distribution des résultats
% des personnes avec chaque résultat
Percentile par nombre de réponses
Votre historique - résultats
Vous n’avez pas pris ce quiz